| 000 | 00875nam a2200157 u 4500 | ||
|---|---|---|---|
| 001 | 000002526 | ||
| 005 | 20200929150216.0 | ||
| 008 | 090702s200u dr r 000 0 spa d | ||
| 040 |
_aDO-SdBNP _bspa _cBNPHU |
||
| 082 |
_a332.67153 _bH673 |
||
| 245 | 0 | 0 |
_aHistoria del calvario de la compañía de electricidad de Puerto Plata = The history of the calvary of compañía de electrecidad de Puerto Plata : _buna inversión extranjera secuestrada por un demandante temerario que esgrime como arma insólita la sentencia de una corte judicial = a foreing investment held hostage by a brazen claimant brandishing the judgment of a court as an extraordinary weapon. |
| 260 |
_aPuerto Plata : _bCEPP, _c200? |
||
| 300 |
_a66p. ; _c17 cm. |
||
| 610 | 1 | 4 |
_aCOMPAÑÍA DE ELÉCTRICIDAD DE PUERTO PLATA _zREPÚBLICA DOMINICANA _97934 |
| 650 | 4 |
_aEmpresas eléctricas _zRepública Dominicana _97935 |
|
| 999 |
_c2362 _d2362 |
||